| 000 | 00736nam a22002417a 4500 | ||
|---|---|---|---|
| 005 | 20230512222053.0 | ||
| 008 | 180516t xxu||||| |||| 00| 0 eng d | ||
| 020 | _a9780071270229 | ||
| 040 | _cCSPC | ||
| 082 | 0 |
_a616.025 _bR73e |
|
| 100 |
_aJosh, Adam J., _eauthor. |
||
| 245 | 0 | 0 |
_aEmergency medicine _bpretest self-assessment and review/ _cAdam J. Josh |
| 250 |
_aSecond (2nd) _bedition. |
||
| 260 |
_aBoston : _bMcGraw-Hill ; _c2009. |
||
| 300 |
_axv, 570 pages : _bfigures, tables ; _c23 cm. |
||
| 500 | _aIncludes Index. | ||
| 650 | 1 | 0 | _aEmergency medicine. |
| 650 | 1 | 0 | _aEmergencies. |
| 940 | _ayves | ||
| 942 |
_cBOOK _jNUR 616.025 R73e 2009 |
||
| 999 |
_c4461 _d4461 |
||